Martin a slnko operná rozprávka pre deti v 2 častiach : klavírny výtah /

Hlavní autor: Frešo, Tibor, 1918-1987
Další autoři: Braxatorisová, Alexandra, 1937-2012, Kriška, Branislav, 1931-1999
Jazyk: Němčina
Slovenština
Vydáno: Bratislava : Slovenský hudobný fond, 1974
Fyzický popis: 187 s.
Language note: Text slovensky a německy
Hudebniny Hudebniny
Uloženo v:
LEADER 01016ncm a22002652a 4500
001 001199773
003 CZ BrMZK
005 20120312083333.0
007 qu
008 120312s1974 xo |||||||||||||||||slo d
040 |a BOA001  |b cze 
041 0 |a slo  |a ger 
072 7 |a 782  |x Divadelní hudba. Opera, opereta, muzikál  |2 Konspekt  |9 9 
100 1 |a Frešo, Tibor,  |d 1918-1987  |7 jn20000601631  |4 cmp 
245 1 0 |a Martin a slnko  |h [hudebnina] :  |b operná rozprávka pre deti v 2 častiach : klavírny výtah /  |c Tibor Frešo ; libreto Alexandra Braxatorisová a Branislav Kriška 
260 |a Bratislava :  |b Slovenský hudobný fond,  |c 1974 
300 |a 187 s. 
500 |a Rozmnoženo 
546 |a Text slovensky a německy 
700 1 |a Braxatorisová, Alexandra,  |d 1937-2012  |7 xx0131583  |4 lbt 
700 1 |a Kriška, Branislav,  |d 1931-1999  |7 xx0055543  |4 lbt 
910 |a BOA001  |b Mus4-0750.660 
990 |a MU 
991 |b 201203 
996 6 |b 2619085827  |c Mus4-0750.660  |l MZK  |r Sklad / do 1 hodiny  |n 0  |w 001233301  |u 000010  |a 1  |e BOA001  |j MZK50  |s P